Hair Metal Songs - Statistics

General Stats
  • This quiz has been taken 317 times
  • The average score is 13 of 15
Answer Stats
Hint Answer % Correct
Sweet Child O' Mine Guns n' Roses
99%
Welcome to the Jungle Guns n' Roses
99%
Livin' on a Prayer Bon Jovi
98%
Wanted Dead or Alive Bon Jovi
98%
Rock and Roll All Night Kiss
93%
Girls, Girls, Girls Motley Crue
92%
Pour Some Sugar on Me Def Leppard
91%
Photogragh Def Leppard
91%
Rock You Like A Hurricane Scorpions
91%
Every Rose Has Its Thorn Poison
89%
We're not gonna take it Twisted Sister
89%
Here I Go Again Whitesnake
88%
Cherry Pie Warrant
83%
Come on Feel the Noise Quiet Riot
79%
Walk This Way Aerosmith and Run DMC
18%
No matching quizzes found
Score Distribution
Percent of People with Each Score
Percentile by Number Answered
Your Score History
You have not taken this quiz